Alumnado con altas capacidades

Saved in:
Bibliographic Details
Main Authors: Martínez Torres, Mercé (autora), Guirado Serrat, Àngel (Author)
Format: Book
Language:Spanish
Published: Barcelona Graó 2010
Edition:1a. ed
Series:Colección Escuela Inclusiva: Alumnos Distintos pero no Diferentes
Subjects:
Tags: Add Tag
No Tags, Be the first to tag this record!

MARC

LEADER 00000cam a2200000 a 4500
001 UCG4522
003 CL-VaPUC
008 101111e20100600SP |||||||||||||||||spa|d
020 |a 9788478279425 
082 0 4 |a 371.9046  |b MAR  |2 21 
100 |a Martínez Torres, Mercé  |e autora  |9 553841 
700 |a Guirado Serrat, Àngel  |e author  |9 586828 
245 1 0 |a Alumnado con altas capacidades 
250 |a 1a. ed 
300 |a 186 p 
942 |c BK 
945 |d 20101111 00:00:00  |a mfarfan 
260 |a Barcelona  |b Graó  |c 2010 
650 0 |a Educación especial  |9 307486 
650 0 |a Inclusión  |9 553355 
583 |a last modification  |c 20110902 11:31:11  |k Rodrigo Vera 
490 0 |a Colección Escuela Inclusiva: Alumnos Distintos pero no Diferentes 
999 |c 343224  |d 343222 
952 |0 0  |1 0  |4 0  |6 371_904600000000000_MAR_2010  |7 0  |8 A  |9 440342  |a BIBEDU  |b BIBEDU  |d 2019-11-22  |i 4732324  |o 371.9046 MAR 2010  |p 4732324  |r 2019-11-22  |w 2019-11-22  |y BK  |k EPE 
952 |0 0  |1 0  |4 0  |6 371_904600000000000_MAR_2010  |7 0  |8 A  |9 440343  |a BIBEDU  |b BIBEDU  |d 2019-11-22  |i 4731697  |o 371.9046 MAR 2010  |p 4731697  |r 2019-11-22  |w 2019-11-22  |y BK  |k PSI 
952 |0 0  |1 0  |4 0  |6 371_904600000000000_MAR_2010  |7 0  |8 A  |9 440344  |a BIBEDU  |b BIBEDU  |c ES_NOD  |d 2019-11-22  |i 4756347  |o 371.9046 MAR 2010  |p 4756347  |r 2023-08-09  |w 2019-11-22  |y BK  |k EPE 
952 |0 0  |1 0  |4 0  |6 371_904600000000000_MAR_2010  |7 0  |8 A  |9 440345  |a BIBEDU  |b BIBEDU  |d 2019-11-22  |i 4789903  |o 371.9046 MAR 2010  |p 4789903  |r 2019-11-22  |w 2019-11-22  |y BK  |k EPE